01013nam a22001697a 4500003000900000008004100009040007100050082002200121100002800143245006300171260003200234300002800266505049200294650001700786650001300803650002700816AR-CdUCM190411b ||||| |||| 00| 0 spa d aMUNICIPALIDAD PROVINCIAL DEL CUSCOcBIBLIOTECA MUNICIPAL DEL CUSCO aC / 709.85 /bV38 aVelasco Astete, Domingo aEl arte y sus manifestaciones en el Perú pre-colombino / aCuzco :bH.G. Rozas,c1928. a110 páginas ;c21 cm. aContenido: Causas que determinan la producción intelectual -- Influencia de la raza en la producción artística -- El arte como producto de una época -- Origen étnico de las poblaciones Precolombinas de América -- El medio físico -- Datos geográficos del Perú antiguo -- Influencia de los Andes en la vida del Perú -- La costa, la sierra, el bosque, el paisaje -- Culturas: Chimú, Nazca, de los valles centrales, de la sierra, Tiahuanaco, Incaica, Chavín y Recuay. aArte peruano aHistoria aÉpoca prehispánica